header

Double Your Fun (Record no. 264494)

MARC details
000 -LEADER
fixed length control field 00216nam a22000977a 4500
020 ## - INTERNATIONAL STANDARD BOOK NUMBER
ISBN 0202131777-X
100 ## - MAIN ENTRY--AUTHOR NAME
Personal name Jordan Brown
245 ## - TITLE STATEMENT
Title Double Your Fun
260 ## - PUBLICATION, DISTRIBUTION, ETC. (IMPRINT)
Place of publication USA
Name of publisher Addison Wesley Longman
Year of publication 1998
942 ## - ADDED ENTRY ELEMENTS (KOHA)
Koha item type Long Loan Books
Holdings
Withdrawn status Lost status Collection code Home library Current library Shelving location Date acquired Accession Number Koha item type
    Fiction Rongo University Library Rongo University Library Children's Area 11/09/2024 CL20211347 Long Loan Books

© 2026 Rongo University
Contact us: librarian | system librarian | Rongo university